The attorney-CPA a publication of the American Association of Attorney-Certified Public Accountants, Inc.

Bibliographic Details
Corporate Author: American Association of Attorney-Certified Public Accountants
Format: Electronic Journal
Language:English
Published: [Tulsa, Okla.] : The Association
Subjects:
Online Access:Full text available from Research Library: 01/01/2008 to 04/30/2011

MARC

LEADER 00000nas a2200000 a 4500
001 ssj0005295
003 WaSeSS
005 20200512172242.0
006 m d
007 cr n
008 800204c19uu9999okuqr p s g 0 a0eng c
010 |a  83647944  
022 |l 0571-8279  |y 0571-8279 
035 |a (WaSeSS)ssj0005295 
037 |b The Attorney-CPA, 24196 Alicia Parkway, Suite K, Mission Viejo, CA 92691 
040 |a NDL  |b eng  |c NDL  |d PIT  |d MUL  |d DLC  |d NSD  |d DLC  |d AIP  |d IUL  |d OCLCQ  |d OCLCF  |d OCLCO  |d OCLCQ  |d WaSeSS 
042 |a pcc  |a nsdp 
043 |a n-us--- 
050 0 0 |a KF297.A1  |b A86 
082 0 |a 349.73  |a 347.3  |2 19 
210 0 |a Attorney-CPA 
222 4 |a The Attorney-CPA 
245 0 4 |a The attorney-CPA  |h [electronic resource] :  |b a publication of the American Association of Attorney-Certified Public Accountants, Inc. 
246 3 0 |a Attorney-C.P.A. 
260 |a [Tulsa, Okla.] :  |b The Association 
310 |a Quarterly,  |b 1991- 
321 |a Bimonthly,  |b 1987-1990 
321 |a Quarterly,  |b -1986 
506 |a License restrictions may limit access. 
588 |a Latest issue consulted: Vol. 25, no. 5 (Sept./Oct. 1989). 
650 0 |a Lawyers  |z United States  |v Periodicals. 
650 0 |a Accountants  |z United States  |v Periodicals. 
650 0 |a Accounting  |x Law and legislation  |z United States  |v Periodicals. 
650 7 |a Accountants.  |2 fast  |0 (OCoLC)fst00795344 
650 7 |a Accounting  |x Law and legislation.  |2 fast  |0 (OCoLC)fst00795427 
650 7 |a Lawyers.  |2 fast  |0 (OCoLC)fst00994346 
651 7 |a United States.  |2 fast  |0 (OCoLC)fst01204155 
655 0 |a Electronic journals. 
710 2 |a American Association of Attorney-Certified Public Accountants. 
850 |a DLC  |a InU 
856 4 0 |z Full text available from Research Library: 01/01/2008 to 04/30/2011  |u https://search.proquest.com/publication/38409